000 00898nas a2200265 4500
001 BR8201652
003 BR-BrBNA
005 20231205085105.0
007 ta
008 230509b bl.|||p| |||| 00| 00por d
040 _aBR-BrBNA
_bpor
_cBiblioteca Nacional de Agricultura
041 _a(Pt)
072 _aF00
100 1 _aLucchesi, A.A.
100 1 _aMinami, K.
100 1 _aYang, W.M.
100 1 _aSumi, R.A.
245 1 _aInfluencia do acido giberelico no desenvolvimento, producao e qualidade do fruto em cultura de pimentao (Capsicum annuum L.)
246 1 _aInfluence of GA3 on the development, yield and fruit quality of pepper (Capsicum annuum L.)crop.
650 _aPIMENTAO
650 _aACIDO GIBERELICO
773 0 _tPlanta Daninha (Brazil)
_xISSN 0100-8358
_g(Jun 1982), v. 5(1) p. 40-44
_wBR8201652
909 _a202311
_bLúcia
_c55
_dLúcia Elande
942 _2AGRIS
_n0
_cANA
999 _c109154
_d109154